[Event "American Cup Blitz 2026"]
[Site "Saint Louis USA"]
[Date "2026.03.02"]
[Round "6.4"]
[White "Hong, Andrew"]
[Black "Gazik, Viktor"]
[Result "1-0"]
[WhiteTitle "GM"]
[BlackTitle "GM"]
[WhiteElo "2587"]
[BlackElo "2537"]
[WhiteFideId "2099438"]
[BlackFideId "14928752"]
[EventDate "2026.03.02"]

1. d4 Nf6 2. Nc3 d6 3. e4 e5 4. Nf3 Nbd7 5. Bc4 c6 6. a4 Be7 7. O-O O-O 8. Re1
a5 9. h3 exd4 10. Nxd4 Nc5 11. Qf3 Re8 12. Bg5 Ncd7 13. Qg3 Nh5 14. Bxe7 Qxe7
15. Qe3 Ne5 16. Be2 Nf6 17. Rad1 Bd7 18. Qg3 Rad8 19. f4 Ng6 20. Bf3 Bc8 21. h4
h6 22. Nf5 Qc7 23. Nxh6+ gxh6 24. h5 Kh7 25. hxg6+ fxg6 26. Qf2 Qf7 27. Rd3 Bg4
28. Red1 Bxf3 29. Qxf3 Qc4 30. e5 Nh5 31. Rxd6 Rxd6 32. exd6 Nxf4 33. d7 Rd8 34.
Ne4 Ne2+ 35. Kh2 Nd4 36. Qf4 c5 37. Nf6+ Kg7 38. Qe5 Nc6 39. Ne8+ Kf7 40. Qf6+ 1-0

[Event "American Cup Blitz 2026"]
[Site "Saint Louis USA"]
[Date "2026.03.02"]
[Round "6.5"]
[White "Kevlishvili, Robby"]
[Black "Durarbayli, Vasif"]
[Result "1/2-1/2"]
[WhiteTitle "GM"]
[BlackTitle "GM"]
[WhiteElo "2527"]
[BlackElo "2612"]
[WhiteFideId "1040634"]
[BlackFideId "13402935"]
[EventDate "2026.03.02"]

1. e4 e5 2. Nf3 Nc6 3. Bb5 a6 4. Ba4 Nf6 5. d3 b5 6. Bb3 Bc5 7. Nc3 d6 8. Nd5 h6
9. c3 Rb8 10. O-O Nxd5 11. Bxd5 Ne7 12. Bb3 O-O 13. d4 exd4 14. cxd4 Bb6 15. h3
c5 16. Bf4 c4 17. Bc2 Ng6 18. Bg3 f5 19. Re1 Rb7 20. b3 Rbf7 21. bxc4 bxc4 22.
Rb1 Ba5 23. Re2 fxe4 24. Bxe4 Nf4 25. Bxf4 Rxf4 26. Bd5+ Kh8 27. Qa4 c3 28. Rb8
Qc7 29. Ra8 Bd7 30. Rxf8+ Rxf8 31. Qc2 Bf5 32. Be4 Bxe4 33. Qxe4 d5 34. Qc2 Kg8
35. Ne5 Qb7 36. Ng6 Rb8 37. Ne7+ Kh8 38. Ng6+ Kg8 39. Kh2 Bb4 40. g3 Qf7 41. Ne5
Qc7 42. Qf5 Bd6 43. Qe6+ Kh7 44. Qf5+ Kg8 45. Qe6+ Kh7 46. Qf5+ Kg8 47. Qe6+ Kh7
48. Qf5+ Kg8 1/2-1/2

[Event "American Cup Blitz 2026"]
[Site "Saint Louis USA"]
[Date "2026.03.02"]
[Round "6.6"]
[White "Bok, Benjamin"]
[Black "Oparin, Grigoriy"]
[Result "1-0"]
[WhiteTitle "GM"]
[BlackTitle "GM"]
[WhiteElo "2592"]
[BlackElo "2658"]
[WhiteFideId "1017063"]
[BlackFideId "24125890"]
[EventDate "2026.03.02"]

1. d4 Nf6 2. c4 e6 3. Nc3 d5 4. cxd5 exd5 5. Bg5 c6 6. e3 Be6 7. Bd3 Nbd7 8. f3
Be7 9. Nge2 Nh5 10. Bxe7 Qxe7 11. a4 g6 12. Qb3 Rb8 13. Qa3 a5 14. Qxe7+ Kxe7
15. g4 Ng7 16. Kd2 h5 17. g5 h4 18. Nf4 Nh5 19. Nce2 Nb6 20. Rhb1 Nxf4 21. Nxf4
Nc8 22. b4 axb4 23. Rxb4 Nd6 24. e4 dxe4 25. fxe4 Rhd8 26. Ke3 Bc8 27. Rab1 Ra8
28. e5 Ne8 29. Be4 Ra7 30. d5 cxd5 31. Bxd5 Nc7 32. Bxb7 Bf5 33. Be4 Bxe4 34.
Kxe4 Rda8 35. Rc1 Ne6 36. Nxe6 Kxe6 37. Rc6+ Ke7 38. Rcc4 Kf8 39. Kf4 Ra5 40.
Re4 R8a7 41. Kg4 Ke7 42. Kxh4 Ke6 43. Kg4 Rxe5 44. Rb6+ Kd5 45. Rxe5+ Kxe5 46.
Rb5+ Kd4 47. a5 Kc4 48. Re5 Kd4 49. Kf4 Ra6 50. h4 Ra7 51. Re4+ Kc5 52. Re1 Kb5
53. Rb1+ Kc5 54. Ra1 Kd5 55. a6 Kd4 56. Ra5 Kc4 57. Ke5 Kb4 58. Ra1 Kb5 59. Kd6
Kb6 60. Rb1+ Ka5 61. Kc6 Ra8 62. Ra1+ Kb4 63. a7 1-0

[Event "American Cup Blitz 2026"]
[Site "Saint Louis USA"]
[Date "2026.03.02"]
[Round "6.7"]
[White "Aronian, Levon"]
[Black "Matviishen, Viktor"]
[Result "1-0"]
[WhiteTitle "GM"]
[BlackTitle "GM"]
[WhiteElo "2729"]
[BlackElo "2533"]
[WhiteFideId "13300474"]
[BlackFideId "14129850"]
[EventDate "2026.03.02"]

1. e4 e5 2. d3 Nc6 3. Nc3 Bc5 4. Nf3 d6 5. Na4 Bb6 6. c3 h6 7. g3 Nf6 8. Bg2 O-O
9. O-O d5 10. Qc2 Re8 11. b4 a6 12. Nxb6 cxb6 13. a3 b5 14. Bb2 Bg4 15. Rfe1 Rc8
16. exd5 Bxf3 17. Bxf3 Nd4 18. Qd1 Nxf3+ 19. Qxf3 Qxd5 20. Qxd5 Nxd5 21. c4 bxc4
22. dxc4 Rxc4 23. Bxe5 f6 24. Bd6 Rxe1+ 25. Rxe1 Kf7 26. Rd1 Nc3 27. Rd3 Ne4 28.
Bf4 g5 29. Be3 Ke6 30. Rd8 Rc3 31. a4 Rc4 32. Rh8 Rxb4 33. a5 Ra4 34. Bb6 g4 35.
h4 Nd2 36. Re8+ Kd7 37. Rd8+ 1-0

[Event "American Cup Blitz 2026"]
[Site "Saint Louis USA"]
[Date "2026.03.02"]
[Round "6.8"]
[White "Sonis, Francesco"]
[Black "Cordova, Emilio"]
[Result "0-1"]
[WhiteTitle "GM"]
[BlackTitle "GM"]
[WhiteElo "2561"]
[BlackElo "2494"]
[WhiteFideId "895733"]
[BlackFideId "3801497"]
[EventDate "2026.03.02"]

1. f4 c5 2. Nf3 d5 3. g3 g6 4. Bg2 Bg7 5. O-O Nc6 6. c3 Nh6 7. d3 d4 8. Qe1 O-O
9. Na3 Qc7 10. Bd2 Be6 11. Rc1 Qd7 12. Nc4 Bd5 13. e4 dxe3 14. Qxe3 b6 15. Rcd1
Rad8 16. Qe2 Nf5 17. Bc1 b5 18. Ne3 Nxe3 19. Bxe3 Qd6 20. Qf2 Bxa2 21. Bxc5 Qc7
22. d4 Bd5 23. Rfe1 Rfe8 24. Ra1 a5 25. Ne5 a4 26. Bxd5 Rxd5 27. Nf3 e6 28. Qe2
Rb8 29. Nd2 Na5 30. Bb4 h5 31. Nf3 Nc4 32. Rf1 Rf5 33. Ne5 Nxe5 34. dxe5 Bf8 35.
Bxf8 Kxf8 36. Rad1 b4 37. cxb4 Rxb4 38. Rd2 Kg7 39. Rfd1 Qb6+ 40. Kg2 Qb7+ 41.
Kh3 Rb3 42. Qf2 g5 43. Qg2 g4+ 44. Kh4 Qe7# 0-1

[Event "American Cup Blitz 2026"]
[Site "Saint Louis USA"]
[Date "2026.03.02"]
[Round "6.9"]
[White "Akobian, Varuzhan"]
[Black "Bharath, Subramaniyam H"]
[Result "1/2-1/2"]
[WhiteTitle "GM"]
[BlackTitle "GM"]
[WhiteElo "2549"]
[BlackElo "2595"]
[WhiteFideId "13300580"]
[BlackFideId "46634827"]
[EventDate "2026.03.02"]

1. d4 Nf6 2. c4 e6 3. Nf3 b6 4. a3 Bb7 5. Nc3 d5 6. Bg5 Be7 7. e3 O-O 8. Bxf6
Bxf6 9. cxd5 exd5 10. Qb3 c5 11. dxc5 d4 12. Rd1 Bxf3 13. gxf3 bxc5 14. Ne4 Nd7
15. Qd5 Qe7 16. Bh3 Nb6 17. Qxc5 Qxc5 18. Nxc5 dxe3 19. fxe3 Bxb2 20. Kf2 Bxa3
21. Nd7 Rfd8 22. Rd3 Nxd7 23. Bxd7 Bc5 24. Rhd1 Rab8 25. f4 g6 26. Kf3 a5 27.
Bc6 Rdc8 28. Ba4 Kg7 29. Rc1 Bb4 30. Rxc8 Rxc8 31. Bb3 Rc7 32. h3 Be7 33. Ba4
Bb4 34. Bb3 h6 35. Ba4 g5 36. Bb3 Ra7 37. Ba4 Rc7 38. Bb3 Be7 39. Ba4 Bb4 40.
Bb3 Re7 41. Ba4 Bc5 42. Bb3 Kg6 43. Bc2 Kg7 44. Bb3 Bb6 45. Bc2 gxf4 46. exf4
Re1 47. Bb3 Rf1+ 48. Kg4 Bc7 49. Rf3 Rb1 50. Rc3 Rg1+ 51. Kf5 Bd6 52. Rd3 Be7
53. Rd7 Re1 54. Ra7 Re3 55. Bd5 a4 56. Rxa4 Rxh3 57. Ra7 Kf8 58. Ra8+ Kg7 59.
Ra7 Re3 60. Be4 Bc5 61. Rc7 Bd6 62. Rd7 Bb4 63. Bd5 Be7 64. Be4 Kf8 65. Ra7 Rc3
66. Bd5 Rc5 67. Ke4 Rc1 68. Ra8+ Kg7 69. Ra7 Re1+ 70. Kf5 h5 71. Be4 Bc5 72. Rc7
Bd6 73. Rd7 Rd1 74. Bf3 Rd4 75. Bxh5 Rxf4+ 76. Kg5 Rf6 77. Rxf7+ Rxf7 78. Bxf7
Bf4+ 79. Kxf4 1/2-1/2

[Event "American Cup Blitz 2026"]
[Site "Saint Louis USA"]
[Date "2026.03.02"]
[Round "6.10"]
[White "Lodici, Lorenzo"]
[Black "Alexakis, Dimitris"]
[Result "1-0"]
[WhiteTitle "GM"]
[BlackTitle "GM"]
[WhiteElo "2590"]
[BlackElo "2538"]
[WhiteFideId "884189"]
[BlackFideId "4277023"]
[EventDate "2026.03.02"]

1. e4 c5 2. Nf3 e6 3. d4 cxd4 4. Nxd4 Nc6 5. Nc3 Qc7 6. f4 a6 7. Nxc6 Qxc6 8.
Bd3 b5 9. Qe2 Bb7 10. Bd2 Bc5 11. O-O-O Ne7 12. a3 b4 13. axb4 Bxb4 14. h4 Rb8
15. h5 h6 16. Rh3 Ba8 17. Bxa6 Qb6 18. Na4 Qa5 19. Ra3 O-O 20. Bc4 d5 21. exd5
Nxd5 22. f5 exf5 23. Bxd5 Bxd5 24. Bxb4 Qxb4 25. Rxd5 Rfe8 26. Qf3 Re1+ 27. Rd1
Rbe8 28. Nc3 Rxd1+ 29. Nxd1 1-0

[Event "American Cup Blitz 2026"]
[Site "Saint Louis USA"]
[Date "2026.03.02"]
[Round "6.11"]
[White "Harsha, Bharathakoti"]
[Black "Warmerdam, Max"]
[Result "0-1"]
[WhiteTitle "GM"]
[BlackTitle "GM"]
[WhiteElo "2538"]
[BlackElo "2580"]
[WhiteFideId "5078776"]
[BlackFideId "1048104"]
[EventDate "2026.03.02"]

1. d4 Nf6 2. c4 g6 3. Nc3 d6 4. e4 e5 5. d5 a5 6. h3 h5 7. Bg5 Bh6 8. Bxh6 Rxh6
9. Qd2 Rh8 10. Nf3 Na6 11. Bd3 Nc5 12. Bc2 h4 13. Qe3 Qe7 14. O-O-O Bd7 15. a3
a4 16. Ne1 Nh5 17. g3 hxg3 18. fxg3 Nf6 19. h4 Ng4 20. Qd2 Kf8 21. Nf3 Kg7 22.
Rdf1 Rab8 23. Qe2 b6 24. Kb1 Qe8 25. Nb5 Bxb5 26. cxb5 Qd7 27. Ng5 f6 28. Ne6+
Nxe6 29. dxe6 Qxe6 30. Bxa4 Rbf8 31. Qd3 f5 32. Bb3 Qd7 33. exf5 Rxf5 34. Qc4
Ne3 35. Qd3 Rxf1+ 36. Rxf1 Nxf1 37. Qxf1 Qf5+ 0-1

[Event "American Cup Blitz 2026"]
[Site "Saint Louis USA"]
[Date "2026.03.02"]
[Round "6.12"]
[White "Kacharava, Nikolozi"]
[Black "Fier, Alexandr"]
[Result "0-1"]
[WhiteTitle "GM"]
[BlackTitle "GM"]
[WhiteElo "2501"]
[BlackElo "2572"]
[WhiteFideId "13611860"]
[BlackFideId "2107139"]
[EventDate "2026.03.02"]

1. e4 e5 2. Nf3 Nc6 3. Bb5 a6 4. Ba4 Bc5 5. c3 Nge7 6. O-O Ba7 7. d4 Ng6 8. Bg5
f6 9. Be3 O-O 10. Nbd2 d6 11. Re1 Kh8 12. h3 Bd7 13. Bb3 Qe8 14. a4 a5 15. Rc1
Nd8 16. Nf1 Ne6 17. Bxe6 Qxe6 18. d5 Qe8 19. Bxa7 Rxa7 20. b3 f5 21. exf5 Bxf5
22. Nd4 Bd7 23. Qd2 Nf4 24. Ne2 Ng6 25. Nfg3 Qf7 26. Rf1 Raa8 27. f3 h6 28. Rf2
Qf6 29. Rcf1 Qh4 30. f4 exf4 31. Nxf4 Rxf4 32. Rxf4 Qxg3 33. Rf7 Rd8 34. R1f3
Qe5 35. Re3 Qg5 36. Qf2 Ne5 37. Rf8+ Rxf8 38. Qxf8+ Kh7 39. Qf2 Bf5 40. c4 Bg6
41. Kh2 b6 42. Rg3 Qc1 43. Qd4 Qc2 44. Qf4 h5 45. Rg5 Qxb3 46. Qh4 Qe3 47. g4
Nf3+ 0-1

[Event "American Cup Blitz 2026"]
[Site "Saint Louis USA"]
[Date "2026.03.02"]
[Round "6.13"]
[White "Hardaway, Brewington"]
[Black "Chirila, Ioan-Cristian"]
[Result "1-0"]
[WhiteTitle "GM"]
[BlackTitle "GM"]
[WhiteElo "2544"]
[BlackElo "2506"]
[WhiteFideId "30941849"]
[BlackFideId "1211668"]
[EventDate "2026.03.02"]

1. e4 c5 2. Nc3 Nc6 3. Nge2 g6 4. d4 cxd4 5. Nxd4 Nf6 6. Be3 d6 7. Be2 Bg7 8.
O-O O-O 9. Qd2 a6 10. f4 Bd7 11. Kh1 Rc8 12. Nxc6 Bxc6 13. Bf3 Qc7 14. a4 Rfd8
15. Qf2 Qd7 16. Bb6 Re8 17. Rae1 e6 18. b3 Ng4 19. Bxg4 Bxc3 20. Re3 Bg7 21. Bf3
Qe7 22. c4 Qf6 23. Bg4 h5 24. Bh3 Bd7 25. Rd3 Bc6 26. Re1 Qe7 27. g3 Ra8 28. Bg2
Qf6 29. Rxd6 Qc3 30. Qe3 Qxe3 31. Rxe3 e5 1-0

[Event "American Cup Blitz 2026"]
[Site "Saint Louis USA"]
[Date "2026.03.02"]
[Round "6.14"]
[White "Quesada Perez, Yasser"]
[Black "Munkhdalai, Amilal"]
[Result "1-0"]
[WhiteTitle "GM"]
[BlackTitle "IM"]
[WhiteElo "2562"]
[BlackElo "2455"]
[WhiteFideId "3509362"]
[BlackFideId "4903250"]
[EventDate "2026.03.02"]

1. e4 c5 2. c3 d5 3. exd5 Qxd5 4. d4 Nc6 5. Nf3 Nf6 6. Be3 Ng4 7. Bd3 cxd4 8.
cxd4 Nxe3 9. fxe3 g6 10. Nc3 Qa5 11. d5 Nb8 12. Bb5+ Bd7 13. Qd4 Rg8 14. Bxd7+
Nxd7 15. O-O Bg7 16. Qd2 O-O-O 17. Rfc1 Kb8 18. b4 Qb6 19. Rab1 Ne5 20. Na4 Qd6
21. e4 Ng4 22. Qe2 e6 23. Rd1 exd5 24. Rxd5 Qf4 25. g3 Qe3+ 26. Qxe3 Nxe3 27.
Rxd8+ Rxd8 28. Nc5 b6 29. Na6+ Kb7 30. b5 Rd7 31. a4 Nd1 32. e5 Nc3 33. Rb4 Ne2+
34. Kf2 Nc1 35. Re4 Nd3+ 36. Kg2 Nc5 37. Nxc5+ bxc5 38. a5 Bf8 39. e6 fxe6 40.
Rxe6 c4 41. a6+ Kc8 42. Ne5 Re7 43. Rc6+ Rc7 44. Rxc7+ Kxc7 45. Nxc4 Bc5 46. Kf3
Bg1 47. h3 Kd7 48. Ke4 Bf2 49. g4 Kc7 50. Kd5 Kd7 51. b6 Kc8 52. Kc6 Kb8 53. b7
h5 54. Ne5 1-0

[Event "American Cup Blitz 2026"]
[Site "Saint Louis USA"]
[Date "2026.03.02"]
[Round "6.15"]
[White "Tari, Aryan"]
[Black "Mikaelyan, Arman"]
[Result "1/2-1/2"]
[WhiteTitle "GM"]
[BlackTitle "GM"]
[WhiteElo "2642"]
[BlackElo "2494"]
[WhiteFideId "1510045"]
[BlackFideId "13304852"]
[EventDate "2026.03.02"]

1. e4 c5 2. Nf3 g6 3. Bc4 Bg7 4. O-O d6 5. c3 Nf6 6. Re1 O-O 7. d3 Nc6 8. h3 Rb8
9. a4 a6 10. Na3 Na5 11. Ba2 b5 12. axb5 axb5 13. Nc2 b4 14. cxb4 cxb4 15. Bd2
b3 16. Bxa5 Qxa5 17. Bxb3 Qb6 18. Ra3 Nd7 19. d4 Bb7 20. Qd3 e6 21. Ne3 Ra8 22.
Rea1 Rxa3 23. Rxa3 Ra8 24. Rxa8+ Bxa8 25. Nc4 Qb4 26. Ncd2 Bb7 27. Qc3 Qb6 28.
Bc2 Nb8 29. Nc4 Qc7 30. Na5 Qxc3 31. bxc3 Ba6 32. Ba4 Kf8 33. Nd2 Ke7 34. Bb3
Bh6 35. Nf3 Bb5 36. Bc4 Ba4 37. Bb3 Bb5 38. Bc4 Ba4 39. Bd3 Nd7 40. Kf1 Nb6 41.
Ke2 f5 42. exf5 gxf5 43. c4 Nd7 44. g4 fxg4 45. hxg4 Bg7 46. g5 h6 47. gxh6 Bxh6
48. Be4 Nf6 49. Bd3 Nd7 50. Nd2 Bg7 51. Nf3 Nb6 52. Be4 Kd8 53. Bc6 Bc2 54. Bb5
Bf5 55. Nc6+ Kc7 56. Ne7 Bg4 57. Ng6 Bf6 58. Nf4 e5 59. dxe5 dxe5 60. Nd3 e4 61.
Ne1 exf3+ 62. Nxf3 Bd4 63. Kd3 Bxf2 64. Ke4 Bh3 65. Ne5 Bg2+ 66. Kf5 Bd4 67. Nd3
Nd7 68. c5 Nf8 69. Bc4 Kc6 70. Bb3 Nd7 71. Ba4+ Kc7 72. Ke6 Bh3+ 73. Ke7 Nb8 74.
Bb5 Bf1 75. Bc4 Nc6+ 76. Ke6 Nb4 77. Ne5 Bg2 78. Nd3 Bh3+ 79. Kf7 Kc6 80. Nxb4+
Kxc5 81. Nc2 Be5 82. Bd3 Bg2 83. Ne3 Bd5+ 84. Nxd5 Kxd5 85. Be4+ Kxe4 1/2-1/2

[Event "American Cup Blitz 2026"]
[Site "Saint Louis USA"]
[Date "2026.03.02"]
[Round "6.16"]
[White "Rosen, Eric"]
[Black "Aryan, Chopra"]
[Result "0-1"]
[WhiteTitle "IM"]
[BlackTitle "GM"]
[WhiteElo "2377"]
[BlackElo "2631"]
[WhiteFideId "2032562"]
[BlackFideId "5084423"]
[EventDate "2026.03.02"]

1. d4 d6 2. Nc3 Nf6 3. Bf4 Nbd7 4. Nf3 c5 5. e3 g6 6. h3 Bg7 7. Bd3 O-O 8. O-O
a6 9. a4 b6 10. d5 Rb8 11. e4 Ne8 12. Nd2 Nc7 13. Nc4 Bb7 14. Qc1 b5 15. axb5
axb5 16. Na5 c4 17. Be2 Nc5 18. Bf3 Ba8 19. Bh6 e5 20. Bxg7 Kxg7 21. b4 cxb3 22.
cxb3 N7a6 23. Qd2 b4 24. Ne2 f5 25. exf5 gxf5 26. Ng3 Kh8 27. Rfd1 Nc7 28. Qh6
e4 29. Be2 Qe7 30. Bc4 Rbd8 31. Nh5 Rg8 32. Nf4 Qg7 33. Qh4 Qg5 34. Qxg5 Rxg5
35. g3 Rg7 36. h4 Re7 37. Re1 Kg7 38. Kf1 Kf6 39. Ke2 Ke5 40. Red1 Rg7 41. Rd2
Rg4 42. Ke3 Rg7 43. Ke2 Re7 44. Ke3 Kf6 45. Nh5+ Ke5 46. Nf4 Kf6 47. Nh5+ Kg6
48. Nf4+ Kg7 49. h5 Kf6 50. Rh1 Bb7 51. Nxb7 Nxb7 52. Ra1 Nc5 53. Rda2 Rdd7 54.
Ra7 Ke5 55. h6 Nxd5+ 56. Nxd5 Rxa7 57. f4+ exf3 58. Re1 Re8 59. Kxf3+ Ne4 60. g4
Ra2 0-1

[Event "American Cup Blitz 2026"]
[Site "Saint Louis USA"]
[Date "2026.03.02"]
[Round "6.17"]
[White "Kuru, Atilla"]
[Black "Kavutskiy, Kostya"]
[Result "1-0"]
[WhiteTitle "IM"]
[BlackTitle "IM"]
[WhiteElo "2450"]
[BlackElo "2330"]
[WhiteFideId "51607948"]
[BlackFideId "2026384"]
[EventDate "2026.03.02"]

1. e4 c5 2. Nf3 e6 3. c3 Nf6 4. e5 Nd5 5. a3 d6 6. d4 cxd4 7. c4 Nb6 8. Qxd4 Nc6
9. Qc3 dxe5 10. Nxe5 Nxe5 11. Qxe5 Nd7 12. Qg3 Qa5+ 13. Nc3 Qe5+ 14. Be2 Qxg3
15. hxg3 a6 16. Bf4 b6 17. Bf3 Ra7 18. O-O-O Bb7 19. Ne4 e5 20. Rhe1 f6 21. Be3
Bxe4 22. Bxe4 Bc5 23. Bxc5 Nxc5 24. Rd6 Nxe4 25. Rxe4 Rb7 26. f4 O-O 27. fxe5
fxe5 28. Rxe5 Rc7 29. b3 Rf2 30. Rd2 Rf6 31. Kb2 h6 32. a4 a5 33. Kc3 Kh7 34.
Re3 Rcc6 35. b4 axb4+ 36. Kxb4 Rf5 37. Rf3 Rfc5 38. Rf4 Rg5 39. g4 Re6 40. Rd5
Rgg6 41. a5 bxa5+ 42. Rxa5 Re2 43. g3 Rb2+ 44. Kc3 Rg2 45. c5 Rxg3+ 46. Kd4
R3xg4 47. Rxg4 Rxg4+ 48. Kd5 Rg1 49. Ra4 Rd1+ 50. Ke6 h5 51. c6 Kh6 52. Rc4 Rd8
53. c7 Rh8 54. c8=Q Rxc8 55. Rxc8 Kg5 56. Rc1 h4 57. Ke5 Kg4 58. Ke4 Kg3 59. Ke3
Kg2 60. Kf4 g5+ 61. Kg4 Kh2 62. Rc2+ Kg1 63. Kh3 1-0

[Event "American Cup Blitz 2026"]
[Site "Saint Louis USA"]
[Date "2026.03.02"]
[Round "6.18"]
[White "Boros, Denes"]
[Black "Can, Isik"]
[Result "1-0"]
[WhiteTitle "GM"]
[BlackTitle "GM"]
[WhiteElo "2371"]
[BlackElo "2562"]
[WhiteFideId "722340"]
[BlackFideId "6383742"]
[EventDate "2026.03.02"]

1. e4 c6 2. d3 d5 3. Qe2 g6 4. g3 Bg7 5. Bg2 e5 6. Nf3 Ne7 7. exd5 Nxd5 8. O-O
O-O 9. Nc3 Re8 10. Bg5 f6 11. Bd2 Be6 12. Ne4 Na6 13. a3 h6 14. Rfe1 f5 15. Nc3
Bf7 16. h4 Nc5 17. Qd1 Qc7 18. Nh2 Rad8 19. Qc1 Kh7 20. Rb1 Ne6 21. Nf3 a5 22.
Kh2 Nc5 23. b4 axb4 24. axb4 Nd7 25. Ng1 N7f6 26. Nh3 Ng4+ 27. Kg1 Qb6 28. Na4
Qa7 29. Nc5 b6 30. Nb3 Qc7 31. Ra1 Ndf6 32. f3 Nh5 33. fxg4 fxg4 34. Nf2 Nxg3
35. Ne4 Nf5 36. Qd1 Bxb3 37. cxb3 Rxd3 38. Qxg4 Red8 39. h5 Qf7 40. Rf1 Rxd2 41.
Nxd2 Rxd2 42. hxg6+ Qxg6 43. Qxg6+ Kxg6 44. Be4 Rd4 45. Bxf5+ Kg5 46. Rae1 Rxb4
47. Re3 Rf4 48. Be4 Rg4+ 49. Kf2 Bf8 50. Ke2 Bc5 51. Rf5+ Kh4 52. Rxe5 Bxe3 53.
Kxe3 c5 54. Bf3 Rb4 55. Bd1 Kg3 56. Re6 h5 57. Rg6+ Kh3 58. Bxh5 Rxb3+ 59. Kf2
c4 60. Be2 Kh2 61. Rg4 b5 62. Rg5 1-0

[Event "American Cup Blitz 2026"]
[Site "Saint Louis USA"]
[Date "2026.03.02"]
[Round "6.19"]
[White "Kadric, Denis"]
[Black "Boyer, Mahel"]
[Result "1-0"]
[WhiteTitle "GM"]
[BlackTitle "GM"]
[WhiteElo "2540"]
[BlackElo "2486"]
[WhiteFideId "14403803"]
[BlackFideId "45102422"]
[EventDate "2026.03.02"]

1. e4 Nc6 2. d3 d5 3. Nd2 e5 4. Ngf3 f5 5. exd5 Qxd5 6. c3 Nf6 7. d4 e4 8. Bc4
Qd6 9. Ng5 Nd8 10. Qb3 h6 11. Nf7 Nxf7 12. Bxf7+ Kd8 13. Nc4 Qa6 14. Ne5 Qb6 15.
Qxb6 axb6 16. Ng6 Bd6 17. Nxh8 Ke7 18. Bb3 Be6 19. Ng6+ Kd7 20. Bxe6+ Kxe6 21.
Bf4 Nd5 22. Bxd6 cxd6 23. g3 1-0

[Event "American Cup Blitz 2026"]
[Site "Saint Louis USA"]
[Date "2026.03.02"]
[Round "6.20"]
[White "Stremavicius, Titas"]
[Black "Raja, Harshit"]
[Result "0-1"]
[WhiteTitle "GM"]
[BlackTitle "GM"]
[WhiteElo "2547"]
[BlackElo "2472"]
[WhiteFideId "12804444"]
[BlackFideId "5089000"]
[EventDate "2026.03.02"]

1. d4 Nf6 2. c4 e6 3. Nf3 d5 4. Nc3 c5 5. cxd5 cxd4 6. Qxd4 exd5 7. e4 dxe4 8.
Qxd8+ Kxd8 9. Ng5 Be6 10. a3 Nbd7 11. Be3 Bc5 12. Nxe6+ fxe6 13. Bxc5 Nxc5 14.
b4 Ncd7 15. O-O-O Ke7 16. Bb5 Rac8 17. Kb2 Ne5 18. Rhe1 Nc4+ 19. Bxc4 Rxc4 20.
Nb5 Nd5 21. Nxa7 Rf8 22. Rd2 Rf5 23. Kb3 Rc3+ 24. Kb2 Rc4 25. Kb3 Rc3+ 26. Kb2
Rd3 27. Rc2 e3 28. fxe3 Nxe3 29. Rc7+ Kf6 30. Re2 b5 31. Nc8 Nc4+ 32. Kc2 Rxa3
33. Rc6 Ra2+ 34. Kd3 Rd5+ 0-1

[Event "American Cup Blitz 2026"]
[Site "Saint Louis USA"]
[Date "2026.03.02"]
[Round "6.21"]
[White "Kantor, Gergely"]
[Black "Pyrih, Roman"]
[Result "1-0"]
[WhiteTitle "GM"]
[BlackTitle "IM"]
[WhiteElo "2515"]
[BlackElo "2403"]
[WhiteFideId "751499"]
[BlackFideId "14179156"]
[EventDate "2026.03.02"]

1. Nf3 d5 2. e3 Nf6 3. c4 e6 4. b3 Bd6 5. Bb2 O-O 6. Nc3 a6 7. Qc2 b6 8. g4 Bb7
9. g5 d4 10. gxf6 Qxf6 11. Rg1 Bxf3 12. Ne4 Bxe4 13. Qxe4 Nd7 14. Bxd4 Be5 15.
Bxe5 Nxe5 16. O-O-O c5 17. f4 Ng6 18. Kb1 Rad8 19. Bd3 Rd6 20. Bc2 Rfd8 21. Rg2
b5 22. Rf2 Qh4 23. Rg2 Qf6 24. Rf2 Qh4 25. Rg2 Qh5 26. Kc1 bxc4 27. Qxc4 Qh3 28.
Rf2 Qh4 29. Re2 Qf6 30. Kb1 a5 31. Rf2 Ne7 32. Qxc5 a4 33. Qe5 axb3 34. Bxb3 Qh4
35. Rg2 Ng6 36. Qc3 Rd3 37. Qc2 Qh5 38. Rc1 Qf3 39. Rg3 Qf2 40. Rd1 Rxd2 41.
Rxd2 Rxd2 42. Qc8+ Nf8 43. Qc3 Re2 44. Qxg7# 1-0

[Event "American Cup Blitz 2026"]
[Site "Saint Louis USA"]
[Date "2026.03.02"]
[Round "6.22"]
[White "Putnam, Liam"]
[Black "Budisavljevic, Luka"]
[Result "1-0"]
[WhiteTitle "IM"]
[BlackTitle "GM"]
[WhiteElo "2485"]
[BlackElo "2501"]
[WhiteFideId "30938279"]
[BlackFideId "960047"]
[EventDate "2026.03.02"]

1. Nf3 e6 2. c4 Nf6 3. b3 d5 4. Bb2 c5 5. g3 d4 6. b4 a5 7. b5 Bd6 8. Bg2 e5 9.
d3 O-O 10. O-O Bf5 11. Nh4 Bc8 12. e4 Re8 13. h3 g6 14. Nd2 Nbd7 15. Qe1 Nh5 16.
Kh2 Nf4 17. Qb1 Nf8 18. Ndf3 Nxg2 19. Kxg2 f5 20. Bc1 f4 21. Kh2 h5 22. gxf4
exf4 23. Rg1 Qf6 24. Qc2 b6 25. Qe2 Ra7 26. Rg5 Rg7 27. e5 Qf7 28. Bd2 Be7 29.
Rag1 Bxg5 30. Nxg5 Qd7 31. Qf3 Ne6 32. Ne4 Kh8 33. Nf6 Qf7 34. Nxg6+ Rxg6 1-0

[Event "American Cup Blitz 2026"]
[Site "Saint Louis USA"]
[Date "2026.03.02"]
[Round "6.23"]
[White "Bilych, Oleksii"]
[Black "Dudin, Gleb"]
[Result "1-0"]
[WhiteTitle "IM"]
[BlackTitle "GM"]
[WhiteElo "2450"]
[BlackElo "2596"]
[WhiteFideId "14156504"]
[BlackFideId "34184934"]
[EventDate "2026.03.02"]

1. e4 e5 2. Nf3 Nc6 3. Bb5 a6 4. Ba4 Nge7 5. c3 Ng6 6. d4 exd4 7. cxd4 d5 8.
exd5 Qxd5 9. O-O Bd6 10. Nc3 Qh5 11. Ne4 O-O 12. Nxd6 cxd6 13. h3 Be6 14. Be3 h6
15. Bb3 Qb5 16. d5 Bxh3 17. dxc6 Bg4 18. cxb7 Rab8 19. Qd5 1-0

[Event "American Cup Blitz 2026"]
[Site "Saint Louis USA"]
[Date "2026.03.02"]
[Round "6.24"]
[White "Wang, Tianqi"]
[Black "Heimann, Mark"]
[Result "1/2-1/2"]
[WhiteTitle "IM"]
[BlackTitle "GM"]
[WhiteElo "2331"]
[BlackElo "2511"]
[WhiteFideId "2063824"]
[BlackFideId "2028441"]
[EventDate "2026.03.02"]

1. Nf3 Nc6 2. c4 e5 3. d3 f5 4. e3 Nf6 5. Be2 g6 6. b3 Bg7 7. Bb2 d6 8. Nbd2 O-O
9. a3 a5 10. Qc2 h6 11. c5 Be6 12. h3 Nd5 13. g3 Qe7 14. cxd6 cxd6 15. Rc1 Rac8
16. Qb1 b5 17. h4 b4 18. axb4 axb4 19. e4 Nc3 20. Bxc3 bxc3 21. Rxc3 d5 22. Rc1
f4 23. exd5 Bxd5 24. Ne4 fxg3 25. fxg3 Qb4+ 26. Kf2 Qb6+ 27. Kg2 Qe3 28. Bd1 Qb6
29. Re1 Nd4 30. Rxc8 Rxc8 31. Nxd4 exd4 32. h5 gxh5 33. Bxh5 Qxb3 34. Qxb3 Bxb3
35. Nd6 Rc2+ 36. Re2 Bf8 37. Nf5 Rxe2+ 38. Bxe2 Bg7 39. Bf3 Be6 40. Be4 Bxf5 41.
Bxf5 Kf7 42. Kf3 Kf6 43. Be4 Kg5 44. Bd5 Bf6 45. Be4 Bg7 1/2-1/2